Les groupes de Captain America : Civil War - Statistiques

Statistiques générales
  • Ce quiz a été pris 120 fois
  • Le résultat moyen est 10 sur 12
Statistiques - réponses
Groupes Personnages % Correct
Groupe Iron Man Spider Man
97%
Groupe Iron Man Iron Man
96%
Groupe Captain Captain America
95%
Groupe Captain Ant Man
94%
Groupe Iron Man Black Widow
94%
Groupe Iron Man Black Panther
90%
Groupe Captain Falcon
89%
Groupe Captain Le soldat de L'hiver
88%
Groupe Iron Man Vision
86%
Groupe Captain Hawkeye
81%
Groupe Iron Man War Machine
74%
Groupe Captain Scarlet Witch
65%
Aucun quiz correspondant
Distribution des résultats
% des personnes avec chaque résultat
Percentile par nombre de réponses
Votre historique - résultats
Vous n’avez pas pris ce quiz